000 00668nam a2200205 i 4500
001 55308
003 ES-MaACL
005 20230906163122.0
007 t|
008 030917s1958 sp ||||1| spa d
100 1 _aDempf, Alois.
_9182541
245 1 3 _aLa concepción del mundo en la Edad Media /
_cAlois Dempf ; [versión castellana de José Pérez Riesco].
260 _aMadrid :
_bGredos,
_c[1958] (
_fCóndor)
300 _a234 p. ;
_c20 cm.
490 1 _aBiblioteca hispánica de filosofía
700 1 _aPérez Riesco, José.
_991107
830 0 _aBiblioteca hispánica de filosofía
_9181000
852 _aES-MaACL
_jC-14834
_bR.42498
999 _c55308
_d55308